Detalles MARC
| 000 -LÍDER |
| Campo fijo de descripción fija |
01428nam a22003617 4500 |
| 001 - NÚMERO DE CONTROL |
| Campo de control |
768714001 |
| 003 - IDENTIFICADOR DEL NÚMERO DE CONTROL |
| Campo de control |
CO-MdFUSB |
| 005 - FECHA Y HORA DE LA ULTIMA TRANSACCIÓN |
| control field |
20250502154342.0 |
| 008 - ELEMENTOS DE LONGITUD FIJA -- INFORMACIÓN GENERAL |
| Campo fijo de descripción fija -- Información general |
170623t2014 xxu||||| |||| 00| 0 spa d |
| 020 ## - NÚMERO INTERNACIONAL NORMALIZADO PARA LIBROS |
| Número Internacional Normalizado del libro |
978928980872 |
| 040 ## - FUENTE DE CATALOGACIÓN |
| Agencia de catalogación original |
CO-MdFUSB |
| Idioma de catalogación |
spa |
| Agencia que realiza la transcripción |
CO-MdFUSB |
| Agencia que realiza la modificación |
CO-MdFUSBC |
| Convenciones de la descripción |
rda |
| 041 ## - CÓDIGO DE IDIOMA |
| Código de idioma para texto/pista de sonido o título separado |
spa |
| 082 ## - NÚMERO DE CLASIFICACIÓN DECIMAL DEWEY |
| Número de la edición del Dewey |
24 |
| Número de clasificación |
241 |
| Clave de autor-Numero de item |
C649e |
| 100 1# - ASIENTO PRINCIPAL--NOMBRE PERSONAL |
| Nombre personal |
Jones, David Clyde |
| Término relacionador |
autor |
| 240 ## - TITULO UNIFORME |
| Título uniforme |
<a href="Biblical Christian Ethics">Biblical Christian Ethics</a> |
| 245 ## - TÍTULO |
| Título del Material |
Ética bíblica cristiana |
| Mención de responsabilidad, etc. |
/ David Clyde Jones ; traducido por María Angélica Ramsay |
| 264 #1 - PRODUCCIÓN, PUBLICACIÓN, DISTRIBUCIÓN, MANUFACTURA, Y COPYRIGHT |
| Lugar de producción, publicación, distribución, manufactura |
Graham, Carolina del Norte : |
| Nombre del productor, publicador, distribuidor |
Faro de Gracia, |
| Fecha de producción, publicación, distribución, manufactura, o copyright |
[2014] |
| 264 #4 - PRODUCCIÓN, PUBLICACIÓN, DISTRIBUCIÓN, MANUFACTURA, Y COPYRIGHT |
| Fecha de producción, publicación, distribución, manufactura, o copyright |
©2014 |
| 300 ## - DESCRIPCIÓN FÍSICA |
| Extensión |
285 páginas |
| Dimensiones |
; 23 cm. |
| 336 ## - TIPO DE CONTENIDO |
| Fuente |
rdacontent |
| Término de tipo de contenido |
|
| Código de tipo de contenido |
|
| 337 ## - TIPO DE MEDIO |
| Fuente |
rdamedia |
| Nombre del tipo de medio |
|
| Código del tipo de medio |
|
| 338 ## - TIPO DE SOPORTE |
| Fuente |
rdacarrier |
| Nombre del tipo de soporte |
|
| Código Tipo de soporte |
|
| 505 ## - NOTA DE CONTENIDO |
| Nota de contenido con formato preestablecido |
Preguntas de la ética -- la meta de la vida cristiana -- el motivo de la vida cristiana -- la dirección de la vida cristiana -- Las formas principales del amor -- las normas universales del amor -- la resolución de los conflictos morales -- El matrimonio y la familia -- El divorcio y el nuevo matrimonio. |
| 534 ## - NOTA DE VERSION ORIGINAL |
| Publicación, distribución, etc. del original |
Biblical Christian Ethics |
| Frase introductoria |
Título original en inglés: |
| 563 ## - NOTA DE ENCUADERNACIÓN |
| Nota de encuadernación |
Rústico |
| 650 #7 - ASIENTO SECUNDARIO DE MATERIA - TERMINO TEMÁTICO |
| Término temático o nombre geográfico como elemento de entrada |
Ética cristiana |
| 9 (RLIN) |
185 |
| 650 #7 - ASIENTO SECUNDARIO DE MATERIA - TERMINO TEMÁTICO |
| Término temático o nombre geográfico como elemento de entrada |
Religión y ética |
| 9 (RLIN) |
183 |
| 650 #0 - ASIENTO SECUNDARIO DE MATERIA - TERMINO TEMÁTICO |
| 9 (RLIN) |
19 |
| Término temático o nombre geográfico como elemento de entrada |
Vida cristiana |
| 650 #0 - ASIENTO SECUNDARIO DE MATERIA - TERMINO TEMÁTICO |
| Término temático o nombre geográfico como elemento de entrada |
Teología práctica |
| 9 (RLIN) |
180 |
| 700 ## - ASIENTO SECUNDARIO - NOMBRE PERSONAL |
| Nombre personal |
Ramsay, María Angélica, |
| 9 (RLIN) |
11364 |
| Responsabilidad |
traductor |
| 942 ## - TIPO DE MATERIAL (KOHA) |
| Tipo de Item KOHA |
Libros General |
| 945 ## - INFORMACIÓN LOCAL DEL REGISTRO |
| Catalogador |
JTF-925 |